Music Quiz

Random Music or Song Quiz

Michael Bublé Songs Quiz Stats

 Plays Quiz not verified by Sporcle

Challenge
Share
Tweet
Embed
Score 0/156 Timer 13:00
0 Plays Today
Album Song % Correct
BabaluSpiderman Theme
100%
BabaluYou Must Have Been A Beautiful Baby
100%
BabaluYou'll Never Know
100%
BabaluLazy River
100%
BabaluOh Marie
100%
BabaluCan't Help Falling in Love
100%
BabaluBill Bailey
100%
BabaluBuena Sera
100%
BabaluWhen You're Smiling
100%
BabaluWhat a Wonderful World
100%
BabaluDon't Get Around Much Anymore
100%
BabaluMack the Knife
100%
BabaluLa Vie en Rose
100%
First DanceI'll Be Seeing You
100%
First DanceOne Step at a Time
100%
First DanceAll of Me
100%
First DanceJust One More Dance
100%
First DanceI've Got You Under My Skin
100%
First DanceLearnin' the Blues
100%
DreamDream
100%
DreamAnema e Core
100%
DreamI'll Never Smile Again
100%
DreamStardust
100%
DreamYou Always Hurt the One You Love
100%
DreamDon't Be a Baby, Baby
100%
DreamMaria Elena
100%
DreamDaddy's Little Girl
100%
DreamPaper Doll
100%
DreamSurrender
100%
DreamTill Then
100%
DreamYou Belong to Me
100%
DreamI Wish You Love
100%
Michael BubléFever
100%
Michael BubléMoondance
100%
Michael BubléKissing a Fool
100%
Michael BubléFor Once in My Life
100%
Michael BubléHow Can You Mend a Broken Heart
100%
Michael BubléSummer Wind
100%
Michael BubléYou'll Never Find Another Love Like Mine
100%
Michael BubléCrazy Little Thing Called Love
100%
Michael BubléPut Your Head on My Shoulder
100%
Michael BubléSway
100%
Michael BubléThe Way You Look Tonight
100%
Michael BubléCome Fly With Me
100%
It's TimeFeeling Good
100%
It's TimeA Foggy Day (In London Town)
100%
It's TimeYou Don't Know Me
100%
It's TimeQuando, Quando, Quando
100%
It's TimeHome
100%
It's TimeCan't Buy Me Love
100%
It's TimeThe More I See You
100%
It's TimeTry a Little Tenderness
100%
Album Song % Correct
It's TimeSave the Last Dance for Me
100%
It's TimeSong for You
100%
It's TimeHow Sweet It Is
100%
It's TimeI've Got You Under My Skin
100%
It's TimeYou and I
100%
With LoveFever
100%
With LoveTry a Little Tenderness
100%
With LoveYou and I
100%
With LoveI've Got a Crush on You
100%
With LoveCan't Help Falling in Love
100%
With LoveMy Funny Valentine
100%
With LoveThese Foolish Things (Remind Me of You)
100%
With LoveThat's All
100%
Call Me IrresponsibleThe Best Is Yet to Come
100%
Call Me IrresponsibleIt Had Better Be Tonight
100%
Call Me IrresponsibleMe and Mrs. Jones
100%
Call Me IrresponsibleI'm Your Man
100%
Call Me IrresponsibleComin' Home Baby
100%
Call Me IrresponsibleLost
100%
Call Me IrresponsibleCall Me Irresponsible
100%
Call Me IrresponsibleEverything
100%
Call Me IrresponsibleWonderful Tonight
100%
Call Me IrresponsibleI've Got the World on a String
100%
Call Me IrresponsibleAlways on My Mind
100%
Call Me IrresponsibleThat's Life
100%
Call Me IrresponsibleDream
100%
Crazy LoveCry Me a River
100%
Michael BubléThat's All
100%
Crazy LoveAll of Me
100%
Crazy LoveGeorgia on My Mind
100%
Crazy LoveCrazy Love
100%
Crazy LoveHaven't Met You Yet
100%
Crazy LoveStardust
100%
Crazy LoveYou're Nobody Till Somebody Loves You
100%
Crazy LoveHold On
100%
Crazy LoveAll I Do Is Dream of You
100%
Crazy LoveHeartache Tonight
100%
Crazy LoveBaby (You've Got What It Takes)
100%
Crazy LoveAt This Moment
100%
Crazy LoveWhatever It Takes
100%
Crazy Love: Hollywood EditionHollywood
100%
Crazy Love: Hollywood EditionSome Kind of Wonderful
100%
Crazy Love: Hollywood EditionEnd of May
100%
Crazy Love: Hollywood EditionBest of Me
100%
ChristmasIt's Beginning to Look a Lot Like Christmas
100%
ChristmasSanta Claus Is Coming to Town
100%
ChristmasJingle Bells
100%
ChristmasWhite Christmas
100%
ChristmasAll I Want for Christmas Is You
100%
ChristmasHolly Jolly Christmas
100%
ChristmasSanta Baby
100%
ChristmasHave Yourself a Merry Little Christmas
100%
Album Song % Correct
ChristmasChristmas (Baby Please Come Home)
100%
ChristmasSilent Night
100%
ChristmasBlue Christmas
100%
ChristmasCold December Night
100%
ChristmasI'll Be Home for Christmas
100%
ChristmasAve Maria
100%
ChristmasMis Deseos
100%
Christmas (Deluxe Edition)Winter Wonderland
100%
Christmas (Deluxe Edition)Frosty the Snowman
100%
To Be LovedYou Make Me Feel So Young
100%
To Be LovedIt's a Beautiful Day
100%
To Be LovedTo Love Somebody
100%
To Be LovedWho's Lovin' You
100%
To Be LovedSomethin' Stupid
100%
To Be LovedCome Dance With Me
100%
To Be LovedClose Your Eyes
100%
To Be LovedAfter All
100%
To Be LovedHave I Told You Lately That I Love You
100%
To Be LovedTo Be Loved
100%
To Be LovedYou've Got A Friend In Me
100%
To Be LovedNevertheless (I'm in Love With You)
100%
To Be LovedI Got It Easy
100%
To Be LovedYoung at Heart
100%
Merry Christmas, Baby (Rod Stewart)Winter Wonderland
100%
Cheers, It's Christmas (Blake Shelton)Home
100%
Totally BubléThat's How It Goes
50%
Totally BubléGuess I'm Falling 4 U
50%
Totally BubléAnyone to Love
50%
Totally BubléLove at First Sight
50%
Totally BubléPeroxide Swing
50%
Totally BubléMe and Mrs. You
50%
Totally BubléTell Him He's Yours
50%
Christmas (Deluxe Edition)Silver Bells
50%
To Be Loved (Deluxe Edition)Be My Baby
50%
To Be Loved (Deluxe Edition)My Melancholy Baby
50%
Nobody But MeI Believe In You
50%
Nobody But MeMy Kind of Girl
50%
Nobody But MeNobody But Me
50%
Nobody But MeOn an Evening in Roma
50%
Nobody But MeSomeday
50%
Nobody But MeI Wanna Be Around
50%
Nobody But MeThe Very Thought Of You
50%
Nobody But MeToday Is Yesterday's Tomorrow
50%
Nobody But MeGod Only Knows
0%
Nobody But MeMy Baby Just Cares for Me
0%
Nobody But Me (Deluxe Edition)This Love of Mine
0%
Nobody But Me (Deluxe Edition)Take You Away
0%
Duets (Van Morrison)Real Real Gone
0%
Holiday Wishes (Idina Menzel)Baby It's Cold Outside
0%
To Love Again (Chris Botti)Let There Be Love
0%
Swings Both Ways (Robbie Williams)Soda Pop
0%
The More You Give (The More You'll Have)The More You Give (The More You'll Have)
0%

You're not logged in!

Compare scores with friends on all Sporcle quizzes.
OR
Log In

You Might Also Like...

Show Comments

Extras

Top Quizzes Today


Score Distribution

Your Account Isn't Verified!

In order to create a playlist on Sporcle, you need to verify the email address you used during registration. Go to your Sporcle Settings to finish the process.

Report this User

Report this user for behavior that violates our Community Guidelines.

Details: